000 nam a22 a 4500
999 _c604
_d604
005 20170504122505.0
008 170504s1996 enka || 000 ||eng d
020 _a 0670870110
_c £17.00
040 _aAKMAL
082 0 4 _221
_a158.1 BON
090 _a158.1
_bBON
100 1 _aDe Bono, Edward
_d1933
_91066
245 1 0 _a Edward De Bono's textbook of wisdom
260 _a London
_bViking
_c1996.
300 _a279p. :
_b ill. ;
_c23 cm
650 0 _aThought and thinking.
_9913
650 0 _aProblem solving.
_91043
942 _2ddc
_cBOOK